L'Anàlisi del discurs esquizofrènic: aplicacions en rehabilitació psicosocial / Encarna Laguna i Claramonte ... [et al.] aplicacions en rehabilitació psicosocial / Encarna Laguna i Claramonte ... [et al.]
Descripción Física:
172 p. : a dues colmnes ; 23 cm
Otros Autores:
Laguna i Claramonte, Encarna
MARC
| LEADER | 00000nam a2200000Ia 4500 | ||
|---|---|---|---|
| 001 | 12242 | ||
| 008 | 160829s1999 xx 000 0 cat d | ||
| 080 | |a C-1-300 | ||
| 245 | |a L'Anàlisi del discurs esquizofrènic: |b aplicacions en rehabilitació psicosocial / Encarna Laguna i Claramonte ... [et al.] | ||
| 260 | |a Barcelona : |b Diputació de Barcelona, |c 1999 | ||
| 300 | |a 172 p. : |b a dues colmnes ; |c 23 cm | ||
| 590 | |a Premi Ferran Salsas i Roig de salut comunitària 1997. | ||
| 590 | |a A la contracoberta: Ajuntament de Rubí. Diputació de Barcelona. Serei de Salut Pública i Consum | ||
| 650 | |a Malalties mentals |x Tractament |9 30889 | ||
| 650 | |a Esquizofrènia |9 37462 | ||
| 700 | |a Laguna i Claramonte, Encarna |9 37463 | ||
| 710 | 1 | |a Barcelona (Catalunya : Província). |b Diputació |9 52408 | |
| 901 | |a Arxiu | ||
| 942 | |n 1 | ||
| 952 | |0 0 |1 0 |4 0 |6 C1300 |7 1 |9 47882 |a Arxiu |b Arxiu |d 2016-12-01 |l 0 |o C-1-300 |p 12242 |r 2016-12-01 00:00:00 |w 2016-12-01 |y ARXIU | ||
| 999 | |c 51682 |d 51682 | ||